Comprehensive Environmental Impact Assessment of Water Resources Projects : with special reference to sathanur reservoir project (TAMIL NADU) [vol 1] (Record no. 1726)
[ view plain ]
| 000 -LEADER | |
|---|---|
| fixed length control field | 00479 a2200109 4500 |
| 020 ## - INTERNATIONAL STANDARD BOOK NUMBER | |
| International Standard Book Number | 818356044X |
| 082 ## - DEWEY DECIMAL CLASSIFICATION NUMBER | |
| Classification number | 628.7 CHA |
| 100 ## - MAIN ENTRY--PERSONAL NAME | |
| Personal name | Chari, Dr. K. B. |
| 245 ## - TITLE STATEMENT | |
| Title | Comprehensive Environmental Impact Assessment of Water Resources Projects : with special reference to sathanur reservoir project (TAMIL NADU) [vol 1] |
| Statement of responsibility, etc. | Dr. K. B. Chari, Dr. Richa Sharma, Prof. S. A. Abbasi |
| 260 ## - PUBLICATION, DISTRIBUTION, ETC. | |
| Place of publication, distribution, etc. | New Delhi : |
| Name of publisher, distributor, etc. | Discovery Publishing House, |
| Date of publication, distribution, etc. | 2005 |
| 300 ## - PHYSICAL DESCRIPTION | |
| Extent | 579p. : |
| Other physical details | ill. ; |
| Dimensions | 23 cm |
| 650 ## - SUBJECT ADDED ENTRY--TOPICAL TERM | |
| Topical term or geographic name entry element | water resources -- projects |
| Withdrawn status | Lost status | Damaged status | Not for loan | Permanent Location | Current Location | Shelving location | Date acquired | Total Checkouts | Full call number | Barcode | Date last seen | Price effective from | Koha item type |
|---|---|---|---|---|---|---|---|---|---|---|---|---|---|
| School of Civil and Environmental Engineering (SCEE) | School of Civil and Environmental Engineering (SCEE) | 628.7 CHA | NIT-6372 | 01/05/2017 | 01/05/2017 | Book |
